|
|
|
|
| LEADER |
01136nam a2200265 a 4500 |
| 001 |
23852 |
| 003 |
BD-DhAAL |
| 008 |
111128r20092003caua 001 0 eng d |
| 999 |
|
|
|c 11506
|d 11506
|
| 020 |
|
|
|a 9788131507575
|
| 040 |
|
|
|a DLC
|c DLC
|d DLC
|d BD-DhAAL
|
| 082 |
0 |
0 |
|a 540
|2 22
|
| 245 |
0 |
0 |
|a General, organic, and biochemistry /
|c Frederick A. Bettelheim ... [et al.]..
|
| 250 |
|
|
|a India ed.
|
| 260 |
|
|
|a Belmont, CA :
|b Brooks/Cole Cengage Learning ;
|a New Delhi :
|b Cengage Learning
|c 2003.[Reprinted 2009]
|
| 300 |
|
|
|a 860 p. :
|b ill. (some col.) ;
|c 24 cm.
|
| 500 |
|
|
|a Includes index.
|
| 541 |
1 |
|
|e 00023852
|
| 650 |
|
0 |
|a Chemistry.
|9 44177
|
| 650 |
|
0 |
|a Pharmacy.
|9 44178
|
| 700 |
1 |
|
|a Bettelheim, Frederick A.,
|d 1923-
|9 44179
|
| 852 |
1 |
|
|a Ayesha Abed Library
|j General shelf
|
| 942 |
|
|
|2 ddc
|c BK
|
| 952 |
|
|
|0 0
|1 0
|4 0
|6 540_GEN
|7 0
|9 18706
|a BRACUL
|b BRACUL
|c GEN
|d 2011-11-27
|e Mullick & Brothers
|g 890.00
|l 12
|m 52
|o 540 GEN
|p 3010023852
|r 2025-02-05
|s 2024-12-01
|t 1
|w 2011-11-28
|y BK
|
| 952 |
|
|
|0 0
|1 0
|4 0
|6 540_GEN
|7 0
|9 18707
|a BRACUL
|b BRACUL
|c GEN
|d 2011-11-27
|e Mullick & Brothers
|g 890.00
|l 10
|m 88
|o 540 GEN
|p 3010023853
|r 2025-09-20
|s 2025-08-31
|t 2
|w 2011-11-28
|y BK
|